The Reluctant Doctor: (Record no. 194278)
[ view plain ]
| 000 -LEADER | |
|---|---|
| fixed length control field | 00504nam a22001817a 4500 |
| 005 - DATE AND TIME OF LATEST TRANSACTION | |
| control field | 20221213150449.0 |
| 010 ## - LCCN (DPL NO) | |
| LC control number | ENG-135843 |
| 020 ## - INTERNATIONAL STANDARD BOOK NUMBER | |
| International Standard Book Number | 9789390961740 |
| Terms of availability | 495.00 |
| 035 ## - SYSTEM CONTROL NUMBER | |
| System control number | EN-119375 |
| 037 ## - SOURCE OF ACQUISITION | |
| Source of stock number/acquisition | DBAD |
| 082 ## - DEWEY DECIMAL CLASSIFICATION NUMBER | |
| Classification number | N |
| 100 ## - MAIN ENTRY--PERSONAL NAME | |
| Personal name | Jindal,Balesh |
| 245 ## - TITLE STATEMENT | |
| Title | The Reluctant Doctor: |
| Remainder of title | Stilettos to Stethoscope/ |
| Statement of responsibility, etc | Balesh Jindal |
| 260 ## - PUBLICATION, DISTRIBUTION, ETC. (IMPRINT) | |
| Place of publication, distribution, etc | New Delhi |
| Name of publisher, distributor, etc | Vitasta publishing |
| Date of publication, distribution, etc | 2022 |
| 270 ## - ADDRESS | |
| Address | 2/15,Ansari road, Daryaganj |
| City | New Delhi |
| 300 ## - PHYSICAL DESCRIPTION | |
| Extent | xv,270p. |
| Dimensions | 22cm(pbk) |
| 942 ## - ADDED ENTRY ELEMENTS (KOHA) | |
| Source of classification or shelving scheme | Dewey Decimal Classification |
| Item type | English Books |
| Classification part | N |
| Call number suffix | JIN |
| Withdrawn status | Lost status | Not for loan | Collection code | Home library | Current library | Date acquired | Source of acquisition | Cost, normal purchase price | Full call number | Barcode | Copy number | Cost, replacement price | Koha item type |
|---|---|---|---|---|---|---|---|---|---|---|---|---|---|
| Non-fiction | Diz Area | Diz Area | 13/12/2022 | DBAD/PUB | 495.00 | N JIN | EN-119375 | 1 | 495.00 | English Books |
